گو يا د بستا ں کھل گيا (Record no. 168000)

MARC details
000 -LEADER
fixed length control field 00677nam a22001937a 4500
005 - DATE AND TIME OF LATEST TRANSACTION
control field 20190924170031.0
010 ## - LCCN (DPL NO)
LC control number UR-10493
020 ## - INTERNATIONAL STANDARD BOOK NUMBER
Terms of availability 350.00
International Standard Book Number 9789383353118
035 ## - SYSTEM CONTROL NUMBER
System control number U-9048
037 ## - SOURCE OF ACQUISITION
Source of stock number/acquisition DBAD/PUB
Stock number -
082 ## - DEWEY DECIMAL CLASSIFICATION NUMBER
Classification number 840.08
100 ## - MAIN ENTRY--PERSONAL NAME
Personal name مر تبہ:نصير ا حمد خا ن
245 ## - TITLE STATEMENT
Title گو يا د بستا ں کھل گيا
Statement of responsibility, etc مر تبہ:نصير ا حمد خا ن
246 ## - VARYING FORM OF TITLE
Remainder of title Goyaa Dabistaan Khul Gayaa (Urdu)
Title proper/short title by Prof. Naseer Ahmed Khan
260 ## - PUBLICATION, DISTRIBUTION, ETC. (IMPRINT)
Place of publication, distribution, etc N.Delhi
Name of publisher, distributor, etc Ghalib Academy
Date of publication, distribution, etc 2019 ء
270 ## - ADDRESS
Address Basti Hazrat Nizamuddin,
City N.Delhi
Postal code 110013
Telephone number 9603018825
Fax number -
300 ## - PHYSICAL DESCRIPTION
Extent 354 ص
Dimensions 22 Cm(Hb)
942 ## - ADDED ENTRY ELEMENTS (KOHA)
Source of classification or shelving scheme Dewey Decimal Classification
Item type Urdu Bks
Classification part 840.08
Call number suffix غ ا ل
Holdings
Withdrawn status Lost status Not for loan Collection code Home library Current library Date acquired Source of acquisition Cost, normal purchase price Full call number Barcode Copy number Cost, replacement price Koha item type
    Not For Loan Non-fiction D.B.Act.Division D.B.Act.Division 24/09/2019 DBAD/PUB 350.00 840.08 غ ا ل U-9048 1 350.00 Urdu Bks

© Delhi Public Library
Hit Counter
free hit counter